Salón nacional de fotografía de prensa 2004

Uloženo v:
Podrobná bibliografie
Korporativní autor: Unión de Reporteros Gráficos y Camarógrafos de Chile (Autor)
Médium: Kniha
Jazyk:španělština
Vydáno: Santiago Unión de Reporteros Gráficos y Camarógrafos de Chile 2004
Vydání:1a. ed
Témata:
Tagy: Přidat tag
Žádné tagy, Buďte první, kdo vytvoří štítek k tomuto záznamu!

MARC

LEADER 00000nam a2200000 a 4500
001 UCK2498
003 CL-VaPUC
008 050120e20040000CL |||||||||||||||||spa|d
082 0 4 |a 070.49  |b UNI  |2 21 
110 2 |a Unión de Reporteros Gráficos y Camarógrafos de Chile  |e author  |9 490358 
245 1 0 |a Salón nacional de fotografía de prensa 2004 
250 |a 1a. ed 
300 |a 62 p 
942 |c BK 
945 |d 20050120 00:00:00  |a vberengu 
260 |a Santiago  |b Unión de Reporteros Gráficos y Camarógrafos de Chile  |c 2004 
650 0 |a Fotografía  |9 268495 
650 7 |a FOTOPERIODIOSMO  |2 CL-VaPUC  |9 490359 
583 |a last modification  |c 20050120 00:00:00  |k Rodrigo Vera 
999 |c 312011  |d 312009 
952 |0 0  |1 0  |4 0  |6 070_490000000000000_UNI_2004  |7 0  |8 R  |9 381792  |a BIBART  |b BIBART  |d 2019-11-21  |i 4091213  |o 070.49 UNI 2004  |p 4091213  |r 2025-03-13  |w 2019-11-21  |y BK_R  |k ART